In-Psych: Psychology

সংরক্ষণ করুন:
গ্রন্থ-পঞ্জীর বিবরন
প্রধান লেখক: Lahey, Benjamin
বিন্যাস: গ্রন্থ
ভাষা:English
প্রকাশিত: McGraw-hill 2007
বিষয়গুলি:
ট্যাগগুলো: ট্যাগ যুক্ত করুন
কোনো ট্যাগ নেই, প্রথমজন হিসাবে ট্যাগ করুন!
Thư viện lưu trữ: Mạng thư viện Đại học Đà Nẵng
LEADER 00820nam a22002531a 4500
001 000034419
003 10616
005 20151027132806.0
008 151027s2007 000 eng
020 |a 9780073133928 
041 |a eng 
082 |a 420.1  |b LA-B 
100 |a Lahey, Benjamin 
245 |a In-Psych: Psychology  |c Benjamin B.Lahe 
260 |a McGraw-hill  |c 2007 
650 |a In-Psych: Psychology, Psychology 
OWN |a LNN 
AVA |a UDN50  |b LNN  |d 420.1 LA-B  |e available  |t Error 5001 Not defined in file expand_doc_bib_avail.  |f 2  |g 0  |h N  |i 0  |k 1 
999 |a From the UDN01 
AVA |a UDN50  |b LNN  |d 420.1 LA-B  |e available  |t Error 5001 Not defined in file expand_doc_bib_avail.  |f 2  |g 0  |h N  |i 0  |k 1 
TYP |a Monograph 
980 |a Mạng thư viện Đại học Đà Nẵng